006210000a22001570004500008004100000082001500041245008600056260004900142300001000191650002000201650003500221942000700256952009000263952009500353999001500448230817t ||||| |||| 00| 0 eng d a305.4bSUR aA survey of attitudes and opinions of women in three diverse regions of Sri Lanka aColombo:bWomen's Bureau of Sri Lanka,c1986 a29 p. aWOMEN-Sri Lanka aRural women-Policy development cRP 00104070aMAINbMAINd2023-08-17l0o305.4 SURpRAF3660r2023-08-17w2023-08-17yBK 00102ddc4070aMAINbMAINd2024-06-24l0o305.4 SURpRAF5298r2024-06-24w2024-06-24yRP c2595d2595